Teams That Beat Michigan in the Jim Harbaugh Era - Statistics

General Stats
  • This quiz has been taken 59 times
  • The average score is 20 of 25
Answer Stats
Date Postseason Home/Away Michigan's Ranking Opponent's Ranking Score Answer % Correct
10/17/15 Home 12 7 27-23 Michigan State
100%
10/7/17 Home 7 Unranked 14-10 Michigan State
100%
10/31/20 Home 13 Unranked 27-24 Michigan State
100%
10/30/21 Away 6 8 37-33 Michigan State
100%
11/28/15 Home 10 8 42-13 Ohio State
98%
11/26/16 Away 3 2 30-27 2OT Ohio State
98%
11/25/17 Home Unranked 8 31-20 Ohio State
98%
11/24/18 Away 4 10 62-39 Ohio State
98%
11/30/19 Home 13 1 56-27 Ohio State
98%
12/31/21 Orange Bowl/CFP Semifinal Neutral Site 2 3 34-11 Georgia
92%
1/1/20 Citrus Bowl Neutral Site 14 13 35-16 Alabama
81%
10/21/17 Away 19 2 42-13 Penn State
81%
10/19/19 Away 16 7 28-21 Penn State
81%
11/28/20 Home Unranked Unranked 27-17 Penn State
81%
11/12/16 Away 3 Unranked 14-13 Iowa
77%
12/31/22 Fiesta Bowl/CFP Semifinal Neutral Site 2 3 51-45 TCU
77%
11/18/17 Away 24 5 24-10 Wisconsin
71%
9/21/19 Away 11 13 35-14 Wisconsin
71%
11/14/20 Home Unranked 13 49-11 Wisconsin
71%
9/1/18 Away 14 12 24-17 Notre Dame
69%
11/7/20 Away 23 13 38-21 Indiana
63%
12/29/18 Peach Bowl Neutral Site 7 10 41-15 Florida
60%
12/30/16 Orange Bowl Neutral Site 6 11 33-32 Florida State
54%
9/3/15 Away Unranked Unranked 24-17 Utah
35%
1/1/18 Outback Bowl Neutral Site Unranked Unranked 26-19 South Carolina
33%
No matching quizzes found
Score Distribution
Percent of People with Each Score
Percentile by Number Answered
Your Score History
You have not taken this quiz